| 000 | 00392nam a22001697a 4500 | ||
|---|---|---|---|
| 003 | SGT | ||
| 020 | _a978113809888 | ||
| 082 |
_a615.19 _bP23N |
||
| 100 | _aNORMAN, SIR. RICHARD. | ||
| 245 | _aPRINCIPLES OF ORGANIC SYNTHESIS | ||
| 250 | _a3RD | ||
| 260 |
_aNEW YORK _bCRC PRESS _c2023 |
||
| 300 | _a811 | ||
| 650 | _aPHARMACY | ||
| 653 | _aORGANIC , SYNTHESIS, PHARMACY | ||
| 942 |
_2ddc _cBK |
||
| 999 |
_c26913 _d26913 |
||